000
00267nam a2200109Ia 4500
008
200302s9999 xx 000 0 und d
100
_a
Sujit Mishra
245
_a
Architectural Style and Design
260
_b
Cyber tech Publications
260
_c
2015
300
_a
256 P.,
999
_c
3821
_d
3821